Proceso genérico para implementar sistemas de costos (Registro nro. 12414)

Detalles MARC
000 -LEADER
fixed length control field 00352 a2200121 4500
001 - CONTROL NUMBER
control field ART_47835
005 - DATE AND TIME OF LATEST TRANSACTION
control field 20260410161630.0
008 - FIXED-LENGTH DATA ELEMENTS--GENERAL INFORMATION
fixed length control field 260409a
100 1# - MAIN ENTRY--PERSONAL NAME
Personal name Sardi, Jorge Carlos
245 10 - TITLE STATEMENT
Title Proceso genérico para implementar sistemas de costos
700 1# - ADDED ENTRY--PERSONAL NAME
Personal name Drezek, Xoana I.
773 0# - HOST ITEM ENTRY
Title Enfoques
Related parts - N°10 (oct. 2018)
Record control number REV416

No hay ítems disponibles.